Países que contengan estas dos letras - Aleatorio - Estadísticas

Estadísticas generales
  • Esta prueba ha sido intentada 205 veces
    184 desde el último reinicio
  • La puntuación promedio es 6 de 10
Estadísticas de respuestas
Letras País % Correcto
A,N Afganistán / Albania / Alemania / Andorra / Angola / Antigua y Barbuda / Argentina +95
100%
I,N Afganistán / Albania / Alemania / Antigua y Barbuda / Argentina / Armenia / Azerbaiyán / Baréin +71
100%
G,N Afganistán / Angola / Antigua y Barbuda / Argentina / Bangladés / Bosnia y Herzegovina +24
100%
I,T Afganistán / Antigua y Barbuda / Arabia Saudita / Argentina / Australia / Austria +41
100%
A,T Afganistán / Antigua y Barbuda / Arabia Saudita / Argentina / Australia / Austria +48
100%
A,S Afganistán / Arabia Saudita / Australia / Austria / Bahamas / Bangladés / Barbados +59
100%
I,S Afganistán / Arabia Saudita / Australia / Austria / Bielorrusia / Bosnia y Herzegovina / Brasil +43
100%
N,S Afganistán / Bangladés / Bosnia y Herzegovina / Botsuana / Burkina Faso +31
100%
A,F Afganistán / Burkina Faso / Costa de Marfil / Estados Federados de Micronesia / Filipinas +5
100%
F,I Afganistán / Burkina Faso / Costa de Marfil / Estados Federados de Micronesia / Filipinas +5
100%
F,T Afganistán / Costa de Marfil / Estados Federados de Micronesia / República Centroafricana
100%
L,N Albania / Alemania / Angola / Bangladés / Ciudad del Vaticano / Corea del Norte / Eslovenia +29
100%
A,B Albania / Antigua y Barbuda / Arabia Saudita / Azerbaiyán / Bahamas / Bangladés / Barbados +37
100%
B,I Albania / Antigua y Barbuda / Arabia Saudita / Azerbaiyán / Baréin / Bélgica / Belice +32
100%
B,L Albania / Bangladés / Bélgica / Belice / Bielorrusia / Bolivia / Brasil / Bulgaria / Colombia +8
100%
E,L Alemania / Argelia / Bangladés / Bélgica / Belice / Bielorrusia / Chile / Ciudad del Vaticano +30
100%
E,N Alemania / Argentina / Armenia / Azerbaiyán / Bangladés / Baréin / Benín +44
100%
A,M Alemania / Armenia / Bahamas / Camboya / Camerún / Colombia / Comoras +41
100%
E,M Alemania / Armenia / Camerún / Costa de Marfil / Emiratos Árabes Unidos +15
100%
M,N Alemania / Armenia / Camerún / Dinamarca / Dominica / Emiratos Árabes Unidos +21
100%
A,O Andorra / Angola / Barbados / Bielorrusia / Bolivia / Bosnia y Herzegovina / Botsuana +57
100%
A,D Andorra / Antigua y Barbuda / Arabia Saudita / Bangladés / Barbados / Cabo Verde +37
100%
D,R Andorra / Antigua y Barbuda / Arabia Saudita / Barbados / Burundi / Cabo Verde +23
100%
D,N Andorra / Antigua y Barbuda / Bangladés / Burundi / Canadá / Ciudad del Vaticano +27
100%
L,O Angola / Bielorrusia / Bolivia / Ciudad del Vaticano / Colombia / Corea del Norte / Corea del Sur +25
100%
G,O Angola / Bosnia y Herzegovina / Egipto / Gabón / Georgia / Guinea Ecuatorial / Luxemburgo +9
100%
I,R Antigua y Barbuda / Arabia Saudita / Argelia / Argentina / Armenia / Australia / Austria +61
100%
T,U Antigua y Barbuda / Arabia Saudita / Australia / Austria / Botsuana / Bután +21
100%
B,R Antigua y Barbuda / Arabia Saudita / Azerbaiyán / Barbados / Baréin / Bielorrusia +19
100%
B,U Antigua y Barbuda / Arabia Saudita / Bielorrusia / Botsuana / Brunéi / Bulgaria / Burkina Faso +15
100%
B,T Antigua y Barbuda / Arabia Saudita / Botsuana / Bután / Emiratos Árabes Unidos / Kiribati +6
100%
G,R Antigua y Barbuda / Argelia / Argentina / Bosnia y Herzegovina / Bulgaria / Georgia / Granada +19
100%
A,Y Antigua y Barbuda / Azerbaiyán / Bosnia y Herzegovina / Camboya / Guyana / Myanmar +7
100%
I,Y Antigua y Barbuda / Azerbaiyán / Bosnia y Herzegovina / Fiyi / San Cristóbal y Nieves +5
100%
B,G Antigua y Barbuda / Bangladés / Bélgica / Bosnia y Herzegovina / Bulgaria / Gabón +6
100%
G,Y Antigua y Barbuda / Bosnia y Herzegovina / Guyana / Paraguay / San Vicente y las Granadinas +2
100%
N,U Antigua y Barbuda / Botsuana / Brunéi / Burkina Faso / Burundi / Bután / Camerún +37
100%
U,Y Antigua y Barbuda / Guyana / Paraguay / Uruguay / Yibuti
100%
T,Y Antigua y Barbuda / San Cristóbal y Nieves / San Vicente y las Granadinas / Santo Tomé y Príncipe +3
100%
R,S Arabia Saudita / Australia / Austria / Barbados / Bielorrusia / Bosnia y Herzegovina / Brasil +28
100%
S,U Arabia Saudita / Australia / Austria / Bielorrusia / Botsuana / Burkina Faso / Corea del Sur +19
100%
E,G Argelia / Argentina / Bangladés / Bélgica / Bosnia y Herzegovina / Egipto / Georgia / Grecia +14
100%
L,U Australia / Bielorrusia / Bulgaria / Ciudad del Vaticano / Corea del Sur / Eslovaquia +16
100%
L,T Australia / Ciudad del Vaticano / Corea del Norte / Costa de Marfil / Guatemala +17
100%
B,E Azerbaiyán / Bangladés / Baréin / Bélgica / Belice / Benín / Bielorrusia / Bosnia y Herzegovina +17
100%
A,Z Azerbaiyán / Bosnia y Herzegovina / Kazajistán / Mozambique / Nueva Zelanda / Suiza +5
100%
I,Z Azerbaiyán / Bosnia y Herzegovina / Kazajistán / Mozambique / Suiza / Tanzania / Uzbekistán +2
100%
N,Z Azerbaiyán / Bosnia y Herzegovina / Kazajistán / Nueva Zelanda / Tanzania / Túnez / Uzbekistán +1
100%
E,S Bangladés / Bielorrusia / Bosnia y Herzegovina / Corea del Sur / Costa de Marfil +27
100%
C,I Bélgica / Belice / Chile / China / Chipre / Ciudad del Vaticano / Colombia / Costa de Marfil +26
100%
C,L Bélgica / Belice / Chile / Ciudad del Vaticano / Colombia / Corea del Norte / Corea del Sur +13
100%
E,O Bielorrusia / Bosnia y Herzegovina / Cabo Verde / Ciudad del Vaticano / Corea del Norte +33
100%
B,V Bolivia / Bosnia y Herzegovina / Cabo Verde / San Cristóbal y Nieves
100%
I,V Bolivia / Bosnia y Herzegovina / Ciudad del Vaticano / Eslovaquia / Eslovenia / Maldivas +5
100%
G,H Bosnia y Herzegovina / Ghana / Hungría
100%
H,O Bosnia y Herzegovina / Honduras
100%
V,Z Bosnia y Herzegovina / Nueva Zelanda / Venezuela
100%
F,R Burkina Faso / Costa de Marfil / Estados Federados de Micronesia / Francia +2
100%
K,R Burkina Faso / Irak / Kirguistán / Kiribati / Sri Lanka / Turkmenistán
100%
K,N Burkina Faso / Kazajistán / Kenia / Kirguistán / Pakistán / Sri Lanka / Tayikistán / Turkmenistán +1
100%
K,O Burkina Faso / Kosovo
100%
C,O Cabo Verde / Camboya / Ciudad del Vaticano / Colombia / Comoras / Corea del Norte +19
100%
C,R Cabo Verde / Camerún / Catar / Chipre / Comoras / Corea del Norte / Corea del Sur +23
100%
C,M Camboya / Camerún / Colombia / Comoras / Costa de Marfil / Dinamarca / Dominica +11
100%
C,U Camerún / Ciudad del Vaticano / Corea del Sur / Cuba / Ecuador / Guinea Ecuatorial +12
100%
C,H Chad / Chile / China / Chipre / Liechtenstein / República Checa / Seychelles
100%
E,P Chipre / Egipto / España / Etiopía / Nepal / Países Bajos / Papúa Nueva Guinea / Perú +6
100%
I,P Chipre / Egipto / Etiopía / Filipinas / Países Bajos / Pakistán / Papúa Nueva Guinea / Polonia +7
100%
P,R Chipre / Paraguay / Perú / Portugal / República Centroafricana / República Checa +5
100%
T,V Ciudad del Vaticano / San Cristóbal y Nieves / San Vicente y las Granadinas / Tuvalu +2
100%
D,M Costa de Marfil / Dinamarca / Dominica / Emiratos Árabes Unidos +7
100%
F,L Costa de Marfil / Filipinas / Finlandia / República Centroafricana
100%
P,T Egipto / Etiopía / Pakistán / Portugal / República Centroafricana / República Democrática del Congo +1
100%
L,Q Eslovaquia
100%
O,Q Eslovaquia / Mozambique
100%
Q,U Eslovaquia / Mozambique / Turquía
100%
E,Ñ España
100%
A,P España / Etiopía / Filipinas / Japón / Nepal / Países Bajos / Pakistán / Palaos / Panamá +11
100%
P,S España / Filipinas / Países Bajos / Pakistán / Palaos / Santo Tomé y Príncipe / Singapur
100%
N,P Filipinas / Japón / Nepal / Pakistán / Panamá / Papúa Nueva Guinea / Polonia +6
100%
F,P Filipinas / República Centroafricana
100%
F,Y Fiyi
100%
G,M Gambia / Guatemala / Luxemburgo / Madagascar / Mongolia / Montenegro +1
100%
H,T Haití / Liechtenstein
100%
J,N Japón / Jordania / Kazajistán
100%
J,O Japón / Jordania / Países Bajos
100%
J,P Japón / Países Bajos
100%
D,J Jordania
100%
K,T Kazajistán / Kirguistán / Kiribati / Kuwait / Pakistán / Tayikistán / Turkmenistán / Uzbekistán
100%
T,Z Kazajistán / Tanzania / Túnez / Uzbekistán
100%
G,K Kirguistán
100%
K,W Kuwait
100%
U,W Kuwait
100%
T,W Kuwait / Taiwán
100%
L,X Luxemburgo
100%
M,X Luxemburgo / México
100%
M,V Maldivas / Moldavia / Vietnam
100%
I,X México
100%
B,Q Mozambique
100%
U,Z Mozambique / Nueva Zelanda / Suiza / Túnez / Uzbekistán / Venezuela / Zimbabue
100%
M,Z Mozambique / Zambia / Zimbabue
100%
P,Y Paraguay / Santo Tomé y Príncipe
100%
H,U Honduras / Hungría / República Checa
86%
M,R Armenia / Camerún / Comoras / Costa de Marfil / Dinamarca / Emiratos Árabes Unidos +18
83%
L,V Bolivia / Ciudad del Vaticano / El Salvador / Eslovaquia / Eslovenia / Maldivas / Moldavia +4
80%
H,N Bosnia y Herzegovina / China / Ghana / Honduras / Hungría / Liechtenstein
80%
A,L Albania / Alemania / Angola / Argelia / Australia / Bangladés / Bélgica / Bielorrusia +56
75%
G,U Antigua y Barbuda / Bulgaria / Guatemala / Guinea / Guinea-Bissau / Guinea Ecuatorial +14
75%
B,H Bahamas / Bosnia y Herzegovina / República Checa
75%
C,D Cabo Verde / Canadá / Chad / Ciudad del Vaticano / Corea del Norte / Corea del Sur +11
75%
O,X Luxemburgo / México
75%
M,Q Mozambique
75%
B,C Bélgica / Belice / Cabo Verde / Camboya / Colombia / Cuba / República Centroafricana +5
71%
G,I Afganistán / Antigua y Barbuda / Argelia / Argentina / Bélgica / Bosnia y Herzegovina +20
67%
N,T Afganistán / Antigua y Barbuda / Argentina / Botsuana / Bután / Ciudad del Vaticano+34
67%
A,E Alemania / Argelia / Argentina / Armenia / Azerbaiyán / Bangladés / Baréin / Bélgica +58
67%
D,O Andorra / Barbados / Cabo Verde / Ciudad del Vaticano / Corea del Norte / Corea del Sur +17
67%
A,U Antigua y Barbuda / Arabia Saudita / Australia / Austria / Bielorrusia / Botsuana +59
67%
L,R Argelia / Australia / Bielorrusia / Brasil / Bulgaria / Corea del Norte / Corea del Sur +21
67%
E,Y Azerbaiyán / Bosnia y Herzegovina / San Cristóbal y Nieves / San Vicente y las Granadinas +3
67%
R,V Bosnia y Herzegovina / Cabo Verde / El Salvador / San Cristóbal y Nieves +1
67%
S,Z Bosnia y Herzegovina / Kazajistán / Suiza / Uzbekistán
67%
I,K Burkina Faso / Irak / Kazajistán / Kenia / Kirguistán / Kiribati / Kuwait / Pakistán / Sri Lanka +3
67%
K,U Burkina Faso / Kirguistán / Kuwait / Turkmenistán / Uzbekistán
67%
C,N Camerún / Canadá / China / Ciudad del Vaticano / Corea del Norte / Dinamarca / Dominica +16
67%
C,J Jamaica
67%
J,M Jamaica
67%
I,J Jamaica / Jordania / Kazajistán / Países Bajos
67%
E,X Luxemburgo / México
67%
C,X México
67%
I,M Alemania / Armenia / Colombia / Costa de Marfil / Dinamarca / Dominica +30
60%
A,I Afganistán / Albania / Alemania / Antigua y Barbuda / Arabia Saudita / Argelia / Argentina +114
50%
F,S Afganistán / Burkina Faso / Costa de Marfil / Estados Federados de Micronesia / Filipinas / Sudáfrica
50%
F,N Afganistán / Burkina Faso / Estados Federados de Micronesia / Filipinas / Finlandia / Francia +1
50%
B,N Albania / Antigua y Barbuda / Azerbaiyán / Bangladés / Baréin / Benín +18
50%
L,M Alemania / Colombia / Costa de Marfil / Guatemala / Islas Marshall / Islas Salomón +13
50%
I,U Antigua y Barbuda / Arabia Saudita / Australia / Austria / Bielorrusia / Brunéi / Bulgaria +40
50%
D,I Antigua y Barbuda / Arabia Saudita / Burundi / Ciudad del Vaticano / Costa de Marfil +22
50%
E,T Argentina / Ciudad del Vaticano / Corea del Norte / Costa de Marfil / Egipto +24
50%
L,S Australia / Bangladés / Bielorrusia / Brasil / Corea del Sur / Costa de Marfil / El Salvador +22
50%
E,Z Azerbaiyán / Bosnia y Herzegovina / Mozambique / Nueva Zelanda / Túnez / Uzbekistán +2
50%
A,H Bahamas / Bosnia y Herzegovina / Chad / China / Ghana / Haití / Honduras / Hungría +2
50%
H,S Bahamas / Bosnia y Herzegovina / Honduras / Islas Marshall / Liechtenstein / Seychelles
50%
D,L Bangladés / Ciudad del Vaticano / Corea del Norte / Corea del Sur / Costa de Marfil +13
50%
O,S Barbados / Bielorrusia / Bosnia y Herzegovina / Botsuana / Burkina Faso / Comoras +25
50%
E,V Bosnia y Herzegovina / Cabo Verde / Ciudad del Vaticano / El Salvador / Eslovaquia +7
50%
E,H Bosnia y Herzegovina / Chile / Chipre / Liechtenstein / República Checa / Seychelles
50%
H,R Bosnia y Herzegovina / Chipre / Honduras / Hungría / Islas Marshall / República Checa
50%
O,Z Bosnia y Herzegovina / Mozambique
50%
S,Y Bosnia y Herzegovina / San Cristóbal y Nieves / San Vicente y las Granadinas +3
50%
A,K Burkina Faso / Irak / Kazajistán / Kenia / Kirguistán / Kiribati / Kuwait / Pakistán / Sri Lanka +3
50%
M,O Camboya / Colombia / Comoras / Costa de Marfil / Dominica / Emiratos Árabes Unidos +20
50%
M,U Camerún / Emiratos Árabes Unidos / Guatemala / Luxemburgo / Malaui / Marruecos +9
50%
C,T Catar / Ciudad del Vaticano / Corea del Norte / Costa de Marfil / Costa Rica +10
50%
H,P Chipre / República Checa
50%
U,V Ciudad del Vaticano / Eslovaquia / Nueva Zelanda / Papúa Nueva Guinea / Tuvalu / Vanuatu +1
50%
C,F Costa de Marfil / Estados Federados de Micronesia / Francia / República Centroafricana / Sudáfrica
50%
E,F Costa de Marfil / Estados Federados de Micronesia / República Centroafricana
50%
A,Q Eslovaquia / Mozambique / Turquía
50%
I,Q Eslovaquia / Mozambique / Turquía
50%
A,Ñ España
50%
Ñ,P España
50%
Ñ,S España
50%
A,J Jamaica / Japón / Jordania / Kazajistán / Países Bajos
50%
J,S Kazajistán / Países Bajos
50%
G,X Luxemburgo
50%
U,X Luxemburgo
50%
Q,Z Mozambique
50%
L,Z Nueva Zelanda / Venezuela
50%
B,P Países Bajos / República Centroafricana / República Checa / República del Congo +2
50%
P,U Papúa Nueva Guinea / Paraguay / Perú / Portugal / República Centroafricana / República Checa +4
50%
K,Y Tayikistán
50%
Q,R Turquía
50%
O,R Andorra / Barbados / Bielorrusia / Bosnia y Herzegovina / Burkina Faso / Cabo Verde +32
40%
D,E Bangladés / Cabo Verde / Ciudad del Vaticano / Corea del Norte / Corea del Sur +15
40%
O,T Botsuana / Ciudad del Vaticano / Corea del Norte / Costa de Marfil / Costa Rica / Egipto +19
40%
J,K Kazajistán
40%
D,P República del Congo / República Democrática del Congo / República Dominicana
40%
F,G Afganistán
33%
S,T Afganistán / Arabia Saudita / Australia / Austria / Botsuana / Costa de Marfil / Costa Rica +16
33%
R,U Antigua y Barbuda / Arabia Saudita / Australia / Austria / Bielorrusia / Brunéi / Bulgaria +37
33%
B,D Antigua y Barbuda / Arabia Saudita / Bangladés / Barbados / Burundi / Cabo Verde +5
33%
D,U Antigua y Barbuda /Arabia Saudita / Burundi / Ciudad del Vaticano / Corea del Sur +14
33%
B,M Bahamas / Camboya / Colombia / Emiratos Árabes Unidos / Gambia / Luxemburgo +6
33%
O,V Bolivia / Bosnia y Herzegovina / Cabo Verde / Ciudad del Vaticano / El Salvador / Eslovaquia +4
33%
M,Y Camboya / Myanmar / Santo Tomé y Príncipe / Yemen
33%
M,T Costa de Marfil / Emiratos Árabes Unidos / Estados Federados de Micronesia +10
33%
O,P Egipto / Etiopía / Japón / Países Bajos / Palaos / Polonia / Portugal / República Centroafricana +4
33%
G,P Egipto / Papúa Nueva Guinea / Paraguay / Portugal / República del Congo +2
33%
K,Z Kazajistán / Uzbekistán
33%
K,V Kosovo
33%
A,W Kuwait / Taiwán
33%
B,J Países Bajos
33%
G,L Angola / Argelia / Bangladés / Bélgica / Bulgaria / Guatemala / Guinea Ecuatorial +7
25%
D,S Arabia Saudita / Bangladés / Barbados / Corea del Sur / Costa de Marfil / El Salvador / Emiratos Árabes Unidos / Estados Federados de Micronesia / Estados Unidos / Honduras / Indonesia / Islandia / Madagascar / Maldivas / San Vicente y las Granadinas / Sudáfrica / Sudán / Sudán del Sur
25%
Q,S Eslovaquia
25%
Q,V Eslovaquia
25%
Q,T Turquía
25%
J,Z Kazajistán
17%
A,G Afganistán / Angola / Antigua y Barbuda / Argelia / Argentina / Bangladés / Bélgica +32
0%
G,T Afganistán / Antigua y Barbuda / Argentina / Egipto / Guatemala / Guinea Ecuatorial +8
0%
G,S Afganistán / Bangladés / Bosnia y Herzegovina / Guinea-Bissau / Kirguistán / Madagascar +3
0%
I,L Albania / Alemania / Argelia / Australia / Bélgica / Belice / Bielorrusia / Bolivia / Brasil / Bulgaria +41
0%
E,I Alemania / Argelia / Argentina / Armenia / Azerbaiyán / Baréin / Bélgica / Belice / Benín +52
0%
N,O Andorra / Angola / Bosnia y Herzegovina / Botsuana / Burkina Faso / Ciudad del Vaticano +35
0%
A,R Andorra / Antigua y Barbuda / Arabia Saudita / Argelia / Argentina / Armenia / Australia +78
0%
R,T Antigua y Barbuda / Arabia Saudita / Argentina / Australia / Austria / Catar / Corea del Norte +21
0%
D,T Antigua y Barbuda / Arabia Saudita / Ciudad del Vaticano / Corea del Norte / Costa de Marfil +8
0%
B,Y Antigua y Barbuda / Azerbaiyán / Bosnia y Herzegovina / Camboya / San Cristóbal y Nieves +2
0%
N,Y Antigua y Barbuda / Azerbaiyán / Bosnia y Herzegovina / Guyana / Myanmar +6
0%
R,Y Antigua y Barbuda / Azerbaiyán / Bosnia y Herzegovina / Myanmar / Paraguay +5
0%
D,G Antigua y Barbuda / Bangladés / Granada / Madagascar / República del Congo +4
0%
D,Y Antigua y Barbuda / San Vicente y las Granadinas / Trinidad y Tobago
0%
B,S Arabia Saudita / Bahamas / Bangladés / Barbados / Bielorrusia / Bosnia y Herzegovina +9
0%
E,R Argelia / Argentina / Armenia / Azerbaiyán / Baréin / Bielorrusia / Bosnia y Herzegovina +38
0%
R,Z Azerbaiyán / Bosnia y Herzegovina
0%
Y,Z Azerbaiyán / Bosnia y Herzegovina
0%
B,Z Azerbaiyán / Bosnia y Herzegovina / Mozambique / Uzbekistán / Zambia / Zimbabue
0%
M,S Bahamas / Comoras / Costa de Marfil / Emiratos Árabes Unidos +13
0%
H,M Bahamas / Islas Marshall
0%
B,O Barbados / Bielorrusia / Bolivia / Bosnia y Herzegovina / Botsuana / Burkina Faso +15
0%
C,E Bélgica / Belice / Cabo Verde / Camerún / Chile / Chipre / Ciudad del Vaticano +21
0%
A,C Bélgica / Cabo Verde / Camboya / Camerún / Canadá / Catar / Chad / China +36
0%
C,G Bélgica / Grecia / Guinea Ecuatorial / Madagascar / Nicaragua / República del Congo +2
0%
I,O Bielorrusia / Bolivia / Bosnia y Herzegovina / Burkina Faso / Ciudad del Vaticano / Colombia +39
0%
O,U Bielorrusia / Botsuana / Burkina Faso / Ciudad del Vaticano / Corea del Sur / Ecuador +16
0%
E,U Bielorrusia / Brunéi / Camerún / Ciudad del Vaticano / Corea del Sur +28
0%
A,V Bolivia / Bosnia y Herzegovina / Cabo Verde / Ciudad del Vaticano / El Salvador +11
0%
G,Z Bosnia y Herzegovina
0%
H,V Bosnia y Herzegovina
0%
H,Z Bosnia y Herzegovina
0%
O,Y Bosnia y Herzegovina / Camboya / San Cristóbal y Nieves / Santo Tomé y Príncipe / Trinidad y Tobago
0%
H,I Bosnia y Herzegovina / Chile / China / Chipre / Haití / Hungría / Islas Marshall / Liechtenstein +1
0%
N,V Bosnia y Herzegovina / Ciudad del Vaticano / Eslovenia / Nueva Zelanda / Papúa Nueva Guinea +5
0%
S,V Bosnia y Herzegovina / El Salvador / Eslovaquia / Eslovenia / Kosovo / Maldivas +2
0%
G,V Bosnia y Herzegovina / Papúa Nueva Guinea / San Vicente y las Granadinas
0%
V,Y Bosnia y Herzegovina / San Cristóbal y Nieves / San Vicente y las Granadinas
0%
H,Y Bosnia y Herzegovina / Seychelles
0%
F,K Burkina Faso
0%
F,O Burkina Faso / Costa de Marfil / Estados Federados de Micronesia / República Centroafricana
0%
K,S Burkina Faso / Kazajistán / Kirguistán / Kosovo / Pakistán / Sri Lanka / Tayikistán / Turkmenistán +1
0%
B,K Burkina Faso / Kiribati / Uzbekistán
0%
B,F Burkina Faso / República Centroafricana
0%
F,U Burkina Faso / República Centroafricana / Sudáfrica
0%
D,V Cabo Verde / Ciudad del Vaticano / El Salvador / Maldivas / Moldavia / Nueva Zelanda +1
0%
C,V Cabo Verde / Ciudad del Vaticano / San Cristóbal y Nieves / San Vicente y las Granadinas
0%
C,Y Camboya / San Cristóbal y Nieves / San Vicente y las Granadinas / Santo Tomé y Príncipe +1
0%
D,H Chad / Honduras
0%
H,L Chile / Islas Marshall / Liechtenstein / República Checa / Seychelles
0%
C,P Chipre / República Centroafricana / República Checa / República del Congo +3
0%
C,S Comoras / Corea del Sur / Costa de Marfil / Costa Rica +11
0%
F,M Costa de Marfil / Estados Federados de Micronesia
0%
D,F Costa de Marfil / Estados Federados de Micronesia / Finlandia / Sudáfrica
0%
N,R Andorra / Antigua y Barbuda / Argentina / Armenia / Azerbaiyán / Baréin +47
0%
E,Q Eslovaquia / Mozambique
0%
L,P Filipinas / Nepal / Palaos / Polonia / Portugal / República Centroafricana / República Checa +3
0%
J,R Jordania
0%
J,T Kazajistán
0%
E,K Kenia / Turkmenistán / Uzbekistán
0%
I,W Kuwait / Taiwán
0%
B,X Luxemburgo
0%
R,X Luxemburgo
0%
D,Z Nueva Zelanda
0%
E,J Países Bajos
0%
K,P Pakistán
0%
M,P Panamá / República Democrática del Congo / República Dominicana / Santo Tomé y Príncipe
0%
P,V Papúa Nueva Guinea
0%
L,Y San Cristóbal y Nieves / San Vicente y las Granadinas / Seychelles
0%
K,L Sri Lanka
0%
N,W Taiwán
0%
K,M Turkmenistán
0%
No se encontraron pruebas coincidentes
Distribución de puntuación
Porcentaje de gente con cada puntuación
Porcentaje por número respondido
Historial de tus puntuaciones
No has intentado esta prueba desde el último reinicio